000 00314nam a2200121Ia 4500
008 240731s9999 xx 000 0 und d
022 _a1939-9138
245 0 _aCritique: Studies in Contemporary Fiction
260 _bRoutledge
856 _uhttps://www.tandfonline.com/loi/vcrt20
942 _2ddc
942 _cTFEJ
999 _c76162
_d76162
945 _a1
_bMadushi Gamage
_c1
_dMadushi Gamage